000 00319nam a22001337a 4500
008 170614b xxu||||| |||| 00| 0 eng d
020 _a0804701415
041 _aeng
080 _a94
100 _a17
101 _aSHH
245 _aANTONIO GRAMSCI AND THE ORIGINS OF ITALIAN COMMUNISM
_cCAMMETT,J,M
942 _2udc
_cBK
999 _c17356
_d17356